|
|
|
|
| LEADER |
02069cam a2200565 a 4500 |
| 001 |
nkc20132485917 |
| 003 |
CZ PrNK |
| 005 |
20131128100003.0 |
| 007 |
ta |
| 008 |
130805s2013 xr a e 001 0 cze d |
| 015 |
|
|
|a cnb002485917
|
| 020 |
|
|
|a 978-80-7326-219-8
|q (brož.)
|
| 035 |
|
|
|a (OCoLC)859739687
|
| 040 |
|
|
|a KLG001
|b cze
|d ABA001
|
| 072 |
|
7 |
|a 22/24
|x Náboženství Dálného východu. Indická náboženství. Hinduismus. Buddhismus
|2 Konspekt
|9 5
|
| 080 |
|
|
|a 165.24
|2 MRF
|
| 080 |
|
|
|a 24-248
|2 MRF
|
| 080 |
|
|
|a 24-1/-9
|2 MRF
|
| 080 |
|
|
|a 159.9
|2 MRF
|
| 080 |
|
|
|a 24-582/-587
|2 MRF
|
| 080 |
|
|
|a 17.02
|2 MRF
|
| 080 |
|
|
|a (049)
|2 MRF
|
| 100 |
1 |
|
|a Frýba, Mirko,
|d 1943-2016
|7 jn20010602635
|4 aut
|
| 245 |
1 |
0 |
|a Umění žít šťastně :
|b Buddhova Abhidhamma v praxi meditace a zvládání života /
|c Mirko Frýba
|
| 246 |
3 |
0 |
|a Buddhova Abhidhamma v praxi meditace a zvládání života
|
| 250 |
|
|
|a Vyd. 2.
|
| 260 |
|
|
|a Boskovice :
|b Albert,
|c 2013
|
| 300 |
|
|
|a 277 s. :
|b il. ;
|c 21 cm
|
| 504 |
|
|
|a Obsahuje bibliografické odkazy a rejstřík
|
| 650 |
0 |
7 |
|a meditační techniky
|7 ph135741
|2 czenas
|
| 650 |
0 |
7 |
|a abhidharma
|7 ph175766
|2 czenas
|
| 650 |
0 |
7 |
|a učení buddhismu
|7 ph162902
|2 czenas
|
| 650 |
0 |
7 |
|a psychologie
|7 ph115948
|2 czenas
|
| 650 |
0 |
7 |
|a sebepoznání
|7 ph116116
|2 czenas
|
| 650 |
0 |
7 |
|a životní harmonie
|7 ph138147
|2 czenas
|
| 650 |
0 |
9 |
|a meditation techniques
|2 eczenas
|
| 650 |
0 |
9 |
|a Abhidharma
|2 eczenas
|
| 650 |
0 |
9 |
|a Buddhist doctrine
|2 eczenas
|
| 650 |
0 |
9 |
|a psychology
|2 eczenas
|
| 650 |
0 |
9 |
|a conduct of life
|2 eczenas
|
| 650 |
0 |
9 |
|a self-consciousness
|2 eczenas
|
| 650 |
0 |
9 |
|a conduct of life
|2 eczenas
|
| 655 |
|
7 |
|a pojednání
|7 fd133056
|2 czenas
|
| 655 |
|
9 |
|a essays
|2 eczenas
|
| 910 |
2 |
|
|a BOA001
|b 2-1310.684
|
| 990 |
|
|
|a BK
|
| 995 |
|
|
|a 01
|
| 991 |
|
|
|b 201309
|c NOV
|j 22/24 FRÝ
|e n
|
| 996 |
6 |
|
|b 2610563041
|c 2-1310.684
|l MZK
|r Sklad / do 1 hodiny
|n 2
|p p.v.
|w 001363640
|u 000010
|a 1
|e BOA001
|j MZK50
|s P
|
| 996 |
7 |
|
|b 2610563042
|c 2-1310.684
|l Vol.výběr
|r VV 0p
|n 36
|p p.v.
|h 22/24 FRÝ
|w 001363640
|u 000020
|a 0
|e BOA001
|j MZK50
|s A
|